| 000 | 00704nam a2200205Ia 4500 | ||
|---|---|---|---|
| 003 | GCL | ||
| 005 | 20240530103505.0 | ||
| 008 | 140319s9999 xx 000 0 ara d | ||
| 040 |
_aGCL / _cGCL |
||
| 082 | 0 | 4 |
_a819 _bا ج |
| 100 | 1 | _aاحمد محمد الحوفى | |
| 245 | 1 | 0 |
_aالجاحظ / _cاحمد محمد الحوفى |
| 260 |
_aالقاهرة : _bدار المعارف ، _c1980 |
||
| 300 |
_a135 ص؛ _c24 سم |
||
| 650 | 0 | 4 | _aالادباء العرب |
| 650 | 0 | 4 | _aالادب العربى - العصر الحديث |
| 650 | 0 | 4 | _aالبلاغة العربية - تاريخ ونقد |
| 650 | 0 | 4 | _aالجاحظ ،ابى عثمان عمرو بن بحر بن محبوب |
| 942 |
_2ddc _cBK |
||
| 999 |
_c39920 _d39920 |
||